| 000 | 01287cam a2200253 4500 | ||
|---|---|---|---|
| 001 | ABS65504 | ||
| 008 | 020527n2002 000 0 eng u | ||
| 035 | _a(Sirsi) u118144 | ||
| 100 | _aJoyce, J | ||
| 245 | _aBeyond reasonable doubt | ||
| 260 | _c2002 | ||
| 490 |
_aEstates Gazette _v(0218) 04 May 2002, 148-149(2) |
||
| 520 | _aDiscusses the role of arbitrators in rent review disputes afer the case "Save & Prosper Pensions Ltd v Homebase Ltd" raised doubts over the arbitrator's bias, the existence of which must be determined by the courts. Looks at the way the profession is responding to the problem such as RICS's amendment to the forms for application to the president to assist potential arbitrators identify potential conflicts. Lists propositions of law advanced in "Homebase". | ||
| 590 | _aABS | ||
| 650 | _aSAVE & PROSPER PENSIONS LTD V HOMEBASE LTD | ||
| 650 | _aARBITRATORS | ||
| 650 | _aRENT REVIEW DISPUTES | ||
| 650 | _aBIAS | ||
| 650 | _aMANAGEMENT-DISPUTE AVOIDANCE, MANAGEMENT AND RESOLUTION-DISPUTE MANAGEMENT AND RESOLUTION-ARBITRATION | ||
| 650 | _aCONFLICT OF INTERESTS | ||
| 650 | _aASSOCIATED COMPANIES | ||
| 690 | _aMANAGEMENT-DISPUTE AVOIDANCE, MANAGEMENT AND RESOLUTION-DISPUTE MANAGEMENT AND RESOLUTION-EXPERT WITNESSES | ||
| 942 | _n0 | ||
| 999 |
_c70355 _d70355 |
||